[Event "CZE-ch Seniors 65"]
[Site "Olomouc"]
[Date "2023.08.15"]
[Round "5"]
[White "Glatt, Gabor"]
[Black "Kudrlicka, Ladislav"]
[Result "1-0"]
[WhiteElo "2220"]
[BlackElo "1993"]
[PlyCount "45"]
[EventDate "2023.08.12"]
[EventType "swiss"]
[EventRounds "9"]
[EventCountry "CZE"]
[SourceTitle "EXT 2024"]
[Source "ChessBase"]
[SourceDate "2023.10.10"]
[SourceVersion "1"]
[SourceVersionDate "2023.10.10"]
[SourceQuality "1"]

1. e4 e5 2. Nf3 Nc6 3. Bc4 Nf6 4. Ng5 Bc5 5. Bxf7+ Ke7 6. Bb3 Qe8 7. d3 d6 8. Be3 Bg4 9. Nf3 Qh5 10. Nbd2 Rhf8 11. Qe2 Nd4 12. Bxd4 Bxd4 13. 0-0-0 Bb6 14. Kb1 Bxf3 15. Nxf3 Ng4 16. Rhf1 g5 17. d4 Rf6 18. Nxe5 dxe5 19. h3 Bxd4 20. hxg4 Qe8 21. Qd2 Rf4 22. f3 h6 23. Qb4+ 1-0

[Event "CZE-ch Seniors 65"]
[Site "Olomouc"]
[Date "2023.08.13"]
[Round "2"]
[White "Brousek, Jiri"]
[Black "Glatt, Gabor"]
[Result "0-1"]
[WhiteElo "1792"]
[BlackElo "2220"]
[PlyCount "34"]
[EventDate "2023.08.12"]
[EventType "swiss"]
[EventRounds "9"]
[EventCountry "CZE"]
[SourceTitle "EXT 2024"]
[Source "ChessBase"]
[SourceDate "2023.10.10"]
[SourceVersion "1"]
[SourceVersionDate "2023.10.10"]
[SourceQuality "1"]

1. d4 Nf6 2. Nf3 g6 3. Nc3 d5 4. Bf4 a6 5. e3 b5 6. a3 Bg7 7. Be2 Nbd7 8. Ne5 Bb7 9. h4 h5 10. f3 Nf8 11. Qd3 Ne6 12. Nxb5 c5 13. Nc3 cxd4 14. Nd1 dxe3 15. Bxe3 d4 16. Bd2 Nd5 17. Nc4 Nc5 0-1

[Event "EU-chT Seniors 65"]
[Site "Swidnica"]
[Date "2023.07.16"]
[Round "5.3"]
[White "Har Even, Abir"]
[Black "Glatt, Gabor"]
[Result "1/2-1/2"]
[WhiteElo "1980"]
[BlackElo "2239"]
[PlyCount "115"]
[EventDate "2023.07.12"]
[EventType "team-swiss"]
[EventRounds "9"]
[EventCountry "POL"]
[SourceTitle "CBM 215 Extra"]
[Source "ChessBase"]
[SourceDate "2023.09.30"]
[SourceVersion "1"]
[SourceVersionDate "2023.09.30"]
[SourceQuality "1"]
[WhiteTeam "Israel 65"]
[BlackTeam "Hungary 65"]
[WhiteTeamCountry "ISR"]
[BlackTeamCountry "HUN"]

1. e4 e6 2. d3 d5 3. Nd2 Nf6 4. Ngf3 c5 5. g3 Nc6 6. Bg2 Be7 7. 0-0 Qc7 8. Re1 b6 9. a3 Bb7 10. e5 Nd7 11. Qe2 g5 12. h3 0-0-0 13. c3 h5 14. g4 hxg4 15. hxg4 d4 16. cxd4 cxd4 17. Nb3 Kb8 18. Bd2 Nc5 19. Nxc5 bxc5 20. Nxg5 Rdg8 21. Nxf7 Rh7 22. Nd6 Bxd6 23. exd6 Qxd6 24. Qxe6 Qh2+ 25. Kf1 Qxg2+ 26. Kxg2 Nd8+ 27. Kg3 Nxe6 28. Rxe6 Bc8 29. Re4 Bf5 30. g5 Rh3+ 31. Kg2 Rxd3 32. Bf4+ Kb7 33. Re5 Bh3+ 34. Kg1 Rf3 35. Bg3 Rf5 36. Re7+ Kb6 37. Bc7+ Kb5 38. f4 Rd5 39. Be5 a5 40. Kf2 Bf5 41. Rf7 Bd3 42. Rf6 a4 43. Rc1 Rh8 44. Rh6 Rg8 45. Rg1 Rg6 46. Rgh1 Kc4 47. Rh8 Bc2 48. Ke2 Rb6 49. Kd2 Be4 50. Rc1+ Kb3 51. Rc8 Rb5 52. Rb8 Rxb8 53. Bxb8 c4 54. Be5 Bd3 55. Rg1 Bg6 56. Rc1 Bd3 57. Rg1 Bg6 58. Rc1 1/2-1/2

[Event "EU-chT Seniors 65"]
[Site "Swidnica"]
[Date "2023.07.12"]
[Round "1.4"]
[White "Glatt, Gabor"]
[Black "Andersson, Finn"]
[Result "1-0"]
[WhiteElo "2239"]
[BlackElo "1709"]
[PlyCount "79"]
[EventDate "2023.07.12"]
[EventType "team-swiss"]
[EventRounds "9"]
[EventCountry "POL"]
[SourceTitle "CBM 215 Extra"]
[Source "ChessBase"]
[SourceDate "2023.09.30"]
[SourceVersion "1"]
[SourceVersionDate "2023.09.30"]
[SourceQuality "1"]
[WhiteTeam "Hungary 65"]
[BlackTeam "Denmark 65"]
[WhiteTeamCountry "HUN"]
[BlackTeamCountry "DEN"]

1. e4 c5 2. Nf3 d6 3. g3 Nc6 4. Bg2 g6 5. 0-0 Bg7 6. c3 e5 7. Na3 Nge7 8. Nc2 0-0 9. d4 cxd4 10. cxd4 Bg4 11. d5 Nb8 12. Ne3 Bd7 13. Bd2 Bb5 14. Re1 Bd3 15. Nh4 Qd7 16. Bc3 Ba6 17. Rc1 Bh6 18. Rc2 b6 19. Bb4 Bb7 20. Nc4 Nc8 21. Bd2 Bg7 22. b4 Ne7 23. f4 f6 24. Nf3 h6 25. a4 Na6 26. Rc1 Rac8 27. Qb3 Kh7 28. Be3 Rc7 29. a5 Nxd5 30. exd5 Bxd5 31. axb6 Rcc8 32. Ng5+ fxg5 33. Bxd5 gxf4 34. Bf2 e4 35. Rxe4 fxg3 36. Bxg3 Qf5 37. Rd1 axb6 38. Nxd6 Qh5 39. Nxc8 Rxc8 40. Re7 1-0

[Event "EU-ch Seniors 65 19th"]
[Site "Rhodes"]
[Date "2019.04.14"]
[Round "9"]
[White "Vepkhvishvili, Varlam"]
[Black "Glatt, Gabor"]
[Result "0-1"]
[WhiteElo "2098"]
[BlackElo "2224"]
[PlyCount "80"]
[EventDate "2019.04.06"]
[EventType "swiss"]
[EventRounds "9"]
[EventCountry "GRE"]
[SourceTitle "CBM 189 Extra"]
[Source "ChessBase"]
[SourceDate "2019.06.03"]
[SourceVersion "1"]
[SourceVersionDate "2019.06.03"]
[SourceQuality "1"]

1. d4 Nf6 2. c3 g6 3. Bf4 d6 4. e3 Bg7 5. Nf3 Nbd7 6. Be2 0-0 7. 0-0 Qe8 8. h3 e5 9. Bh2 Qe7 10. Nbd2 e4 11. Ne1 Ne8 12. Nc2 f5 13. b4 Kh8 14. c4 g5 15. a4 Ndf6 16. f3 exf3 17. Rxf3 g4 18. Rf2 Rg8 19. Kh1 Bh6 20. Bf4 Bxf4 21. exf4 Nh5 22. Ra3 Qh4 23. Qe1 Ng3+ 24. Kh2 gxh3 25. gxh3 Nxe2 26. Qxe2 Nf6 27. Rf1 Bd7 28. Qe1 Qh6 29. Rg3 Rae8 30. Rxg8+ Rxg8 31. Rf3 Re8 32. Qf1 Bxa4 33. Ne1 Bd1 34. Rg3 Be2 35. Qf2 Ng4+ 36. Rxg4 Bxg4 37. Nef3 Qxh3+ 38. Kg1 Bxf3 39. Nxf3 Qg4+ 40. Kh2 Qxf4+ 0-1

[Event "EU-ch Seniors 65 19th"]
[Site "Rhodes"]
[Date "2019.04.07"]
[Round "2"]
[White "Glatt, Gabor"]
[Black "Hohler, Peter"]
[Result "1-0"]
[WhiteElo "2224"]
[BlackElo "2056"]
[PlyCount "59"]
[EventDate "2019.04.06"]
[EventType "swiss"]
[EventRounds "9"]
[EventCountry "GRE"]
[SourceTitle "CBM 189 Extra"]
[Source "ChessBase"]
[SourceDate "2019.06.03"]
[SourceVersion "1"]
[SourceVersionDate "2019.06.03"]
[SourceQuality "1"]

1. e4 e5 2. Nf3 Nc6 3. Bc4 Bc5 4. b4 Bxb4 5. c3 Ba5 6. d4 d6 7. dxe5 dxe5 8. Qb3 Qf6 9. 0-0 Bb6 10. a4 Na5 11. Qb5+ Bd7 12. Qxe5+ Qxe5 13. Nxe5 Nxc4 14. Nxc4 Bc5 15. Nbd2 Be6 16. Na5 Bb6 17. Nab3 Bxb3 18. Nxb3 c6 19. a5 Bc7 20. Be3 Nf6 21. f3 Nd7 22. Rfb1 Ke7 23. Nd4 Rhb8 24. a6 Bb6 25. Bf4 Rg8 26. axb7 Rad8 27. Rxb6 axb6 28. Nxc6+ Ke6 29. Nxd8+ Rxd8 30. Ra8 1-0

[Event "HUN-chT2 Charousek 1819"]
[Site "Hungary"]
[Date "2018.09.23"]
[Round "1.5"]
[White "Egresi, Mate"]
[Black "Glatt, Gabor"]
[Result "1/2-1/2"]
[WhiteElo "2312"]
[BlackElo "2231"]
[PlyCount "73"]
[EventDate "2018.09.23"]
[EventType "team-tourn"]
[EventRounds "11"]
[EventCountry "HUN"]
[SourceTitle "CBM 189 Extra"]
[Source "ChessBase"]
[SourceDate "2019.06.03"]
[SourceVersion "1"]
[SourceVersionDate "2019.06.03"]
[SourceQuality "1"]
[WhiteTeam "Ajka Banyasz"]
[BlackTeam "Balatonfuered"]
[WhiteTeamCountry "HUN"]
[BlackTeamCountry "HUN"]

1. d4 Nf6 2. c4 g6 3. Nc3 Bg7 4. e4 d6 5. Nf3 0-0 6. Be2 Nbd7 7. 0-0 e5 8. Be3 Ng4 9. Bg5 f6 10. Bd2 c6 11. Qc2 Qe7 12. Rad1 Kh8 13. Rfe1 Nh6 14. b3 Rd8 15. Bc1 Nf8 16. dxe5 dxe5 17. Ba3 Qc7 18. Rxd8 Qxd8 19. Rd1 Qe8 20. b4 Bg4 21. Qd2 Ne6 22. Qd7 Qxd7 23. Rxd7 Nd8 24. Rd1 Bf8 25. c5 b6 26. Nd2 Bxe2 27. Nxe2 a5 28. bxa5 bxc5 29. Nb3 Nb7 30. Rc1 Nxa5 31. Bxc5 Nxb3 32. axb3 Bxc5 33. Rxc5 Ra6 34. f3 Nf7 35. Kf2 Kg7 36. Ke3 Nd8 37. Rc2 1/2-1/2

[Event "HUN-chT2 Charousek 1718"]
[Site "Hungary"]
[Date "2017.11.26"]
[Round "2.3"]
[White "Finszter, Mate"]
[Black "Glatt, Gabor"]
[Result "1-0"]
[WhiteElo "2278"]
[BlackElo "2241"]
[PlyCount "55"]
[EventDate "2017.10.29"]
[EventType "team-tourn"]
[EventRounds "9"]
[EventCountry "HUN"]
[SourceTitle "EXT 2020"]
[Source "ChessBase"]
[SourceDate "2019.10.17"]
[SourceVersion "1"]
[SourceVersionDate "2019.10.17"]
[SourceQuality "1"]
[WhiteTeam "Gyor Szechenyi"]
[BlackTeam "Balatonfuered"]
[WhiteTeamCountry "HUN"]
[BlackTeamCountry "HUN"]

1. Nf3 Nf6 2. g3 g6 3. Bg2 Bg7 4. d4 0-0 5. 0-0 d6 6. a4 a5 7. Re1 Nbd7 8. e4 e5 9. Nc3 c6 10. h3 Qc7 11. Be3 Re8 12. Qd2 exd4 13. Bxd4 Ne5 14. Nh2 Nc4 15. Qc1 Be6 16. b3 Nb6 17. Qb2 Nbd7 18. Rad1 Rab8 19. Nf1 Qc8 20. Kh2 Rd8 21. f4 c5 22. Bf2 Ne8 23. Ne3 c4 24. b4 b5 25. f5 axb4 26. Qxb4 bxa4 27. Qa3 Qc5 28. Nb1 1-0

[Event "HUN-chT2 Asztalos 1617"]
[Site "Hungary"]
[Date "2017.03.12"]
[Round "10.3"]
[White "Horvath, Attila"]
[Black "Glatt, Gabor"]
[Result "1/2-1/2"]
[WhiteElo "2147"]
[BlackElo "2212"]
[PlyCount "24"]
[EventDate "2016.09.25"]
[EventType "team-tourn"]
[EventRounds "11"]
[EventCountry "HUN"]
[SourceTitle "EXT 2021"]
[Source "ChessBase"]
[SourceDate "2020.10.23"]
[SourceVersion "1"]
[SourceVersionDate "2020.10.23"]
[SourceQuality "1"]
[WhiteTeam "Nagyatad"]
[BlackTeam "Balatonfuered"]
[WhiteTeamCountry "HUN"]
[BlackTeamCountry "HUN"]

1. e4 e5 2. Nf3 Nc6 3. Bc4 Be7 4. 0-0 d6 5. c3 Nf6 6. d3 0-0 7. h3 Na5 8. Bb5 a6 9. Ba4 b5 10. Bc2 c5 11. Re1 Qc7 12. Nbd2 Nc6 1/2-1/2

[Event "HUN-chT2 Asztalos 1617"]
[Site "Hungary"]
[Date "2017.02.12"]
[Round "8.2"]
[White "Glatt, Gabor"]
[Black "Halasz, Attila"]
[Result "1-0"]
[WhiteElo "2212"]
[BlackElo "2156"]
[PlyCount "85"]
[EventDate "2016.09.25"]
[EventType "team-tourn"]
[EventRounds "11"]
[EventCountry "HUN"]
[SourceTitle "EXT 2021"]
[Source "ChessBase"]
[SourceDate "2020.10.23"]
[SourceVersion "1"]
[SourceVersionDate "2020.10.23"]
[SourceQuality "1"]
[WhiteTeam "Balatonfuered"]
[BlackTeam "Szentlorinc"]
[WhiteTeamCountry "HUN"]
[BlackTeamCountry "HUN"]

1. e4 d5 2. exd5 Qxd5 3. Nc3 Qa5 4. Bc4 Nf6 5. d4 c6 6. Nf3 Bg4 7. h3 Bh5 8. g4 Bg6 9. Ne5 Nbd7 10. Qe2 e6 11. Bd2 Qb6 12. 0-0-0 Bb4 13. Nxg6 hxg6 14. a3 Bxc3 15. Bxc3 Nd5 16. Qf3 Nxc3 17. Qxc3 Qc7 18. Qf3 Nb6 19. Bb3 0-0-0 20. c4 Rd7 21. Qe3 Qd8 22. a4 Qf6 23. a5 Na8 24. d5 exd5 25. cxd5 Nc7 26. Qxa7 cxd5 27. Kb1 Rhd8 28. Rc1 Qa6 29. Qb6 Kb8 30. Ba4 Re7 31. Rhe1 Qxb6 32. axb6 Ne6 33. f4 f5 34. Re5 Rd6 35. Rce1 Rxb6 36. Bc2 Kc7 37. gxf5 gxf5 38. Bxf5 Kd7 39. Bg4 g6 40. Rxd5+ Rd6 41. Rde5 Re8 42. f5 gxf5 43. Bxf5 1-0

[Event "HUN-chT2 Asztalos 1617"]
[Site "Hungary"]
[Date "2016.12.11"]
[Round "6.2"]
[White "Glatt, Gabor"]
[Black "Varga, Zsolt"]
[Result "1-0"]
[WhiteElo "2212"]
[BlackElo "1993"]
[PlyCount "77"]
[EventDate "2016.09.25"]
[EventType "team-tourn"]
[EventRounds "11"]
[EventCountry "HUN"]
[SourceTitle "EXT 2021"]
[Source "ChessBase"]
[SourceDate "2020.10.23"]
[SourceVersion "1"]
[SourceVersionDate "2020.10.23"]
[SourceQuality "1"]
[WhiteTeam "Balatonfuered"]
[BlackTeam "Pecs Karmin"]
[WhiteTeamCountry "HUN"]
[BlackTeamCountry "HUN"]

1. Nf3 d5 2. g3 c5 3. Bg2 Nc6 4. d4 e6 5. 0-0 Nf6 6. c4 cxd4 7. Nxd4 Be7 8. Nc3 0-0 9. cxd5 Nxd5 10. Nxc6 bxc6 11. Na4 Ba6 12. Bd2 Rc8 13. Re1 Bb5 14. Rc1 c5 15. a3 Qd7 16. Nc3 Bc6 17. Qc2 h6 18. e4 Nb6 19. Bf4 Qb7 20. Qe2 Rfd8 21. Qg4 Kh7 22. Qh5 Bf8 23. Qe2 Nd7 24. h4 Nf6 25. g4 Ng8 26. g5 Qe7 27. e5 Rd4 28. Be4+ g6 29. Qf3 Be8 30. Be3 Bg7 31. Qg3 Qc7 32. Bxd4 cxd4 33. Ne2 Qd7 34. Rxc8 Qxc8 35. Nxd4 Qc5 36. Nf3 Ne7 37. h5 Bc6 38. gxh6 Bxh6 39. hxg6+ 1-0

[Event "HUN-chT2 Maroczy 1516"]
[Site "Hungary"]
[Date "2016.02.14"]
[Round "5.5"]
[White "Magyar, Otto"]
[Black "Glatt, Gabor"]
[Result "1/2-1/2"]
[WhiteElo "2184"]
[BlackElo "2234"]
[PlyCount "26"]
[EventDate "2015.10.18"]
[EventType "team-tourn"]
[EventRounds "9"]
[EventCountry "HUN"]
[SourceTitle "EXT 2017"]
[Source "ChessBase"]
[SourceDate "2016.10.25"]
[SourceVersion "1"]
[SourceVersionDate "2016.10.25"]
[SourceQuality "1"]
[WhiteTeam "Penzugyor"]
[BlackTeam "MLTC"]
[WhiteTeamCountry "HUN"]
[BlackTeamCountry "HUN"]

1. e4 e5 2. Nf3 d6 3. d4 exd4 4. Nxd4 Nf6 5. Nc3 Be7 6. Qf3 0-0 7. Nf5 Bxf5 8. Qxf5 Nc6 9. Be3 Qc8 10. Qxc8 Raxc8 11. f3 Rfe8 12. 0-0-0 a6 13. Kb1 Bf8 1/2-1/2

[Event "HUN-chT2 Maroczy 1516"]
[Site "Hungary"]
[Date "2015.10.18"]
[Round "1.3"]
[White "Glatt, Gabor"]
[Black "Szajbely, Zsigmond"]
[Result "1/2-1/2"]
[WhiteElo "2234"]
[BlackElo "2238"]
[PlyCount "96"]
[EventDate "2015.10.18"]
[EventType "team-tourn"]
[EventRounds "9"]
[EventCountry "HUN"]
[SourceTitle "CBM 170 Extra"]
[Source "ChessBase"]
[SourceDate "2016.02.25"]
[SourceVersion "1"]
[SourceVersionDate "2016.02.25"]
[SourceQuality "1"]
[WhiteTeam "MLTC"]
[BlackTeam "Maroczy"]
[WhiteTeamCountry "HUN"]
[BlackTeamCountry "HUN"]

1. d4 Nf6 2. c4 c5 3. d5 b5 4. cxb5 a6 5. e3 e6 6. Nc3 exd5 7. Nxd5 Bb7 8. Nc3 Be7 9. Nf3 0-0 10. bxa6 Nxa6 11. Be2 Nb4 12. 0-0 Qb6 13. b3 Ne4 14. Nxe4 Bxe4 15. Bb2 d5 16. Nd2 Bc2 17. Qc1 Bd3 18. Qd1 Bxe2 19. Qxe2 Nxa2 20. Qf3 Rfd8 21. Rfd1 Qb4 22. e4 d4 23. e5 Qb8 24. Nc4 Nb4 25. Qe4 Rxa1 26. Rxa1 Nd5 27. Qf3 Nb6 28. Na5 Rd5 29. Nc6 Qe8 30. Nxe7+ Qxe7 31. Qxd5 Nxd5 32. Ra8+ Qf8 33. Rxf8+ Kxf8 34. Ba3 Nb4 35. f4 Ke7 36. Bxb4 cxb4 37. f5 g6 38. g4 h5 39. h3 hxg4 40. hxg4 gxf5 41. gxf5 Kd7 42. Kf2 Kc6 43. Kf3 Kd5 44. e6 fxe6 45. fxe6 Kxe6 46. Ke4 d3 47. Kxd3 Kd5 48. Ke3 Ke5 1/2-1/2

[Event "HUN-chT 1415"]
[Site "Hungary"]
[Date "2014.11.30"]
[Round "3.4"]
[White "Gara, Anita"]
[Black "Glatt, Gabor"]
[Result "1-0"]
[WhiteElo "2322"]
[BlackElo "2292"]
[PlyCount "47"]
[EventDate "2014.10.12"]
[EventType "team-tourn"]
[EventRounds "9"]
[EventCountry "HUN"]
[SourceTitle "CBM 163 Extra"]
[Source "ChessBase"]
[SourceDate "2014.12.23"]
[SourceVersion "1"]
[SourceVersionDate "2014.12.23"]
[SourceQuality "1"]
[WhiteTeam "Penzugyor"]
[BlackTeam "MLTC"]
[WhiteTeamCountry "HUN"]
[BlackTeamCountry "HUN"]

1. e4 c5 2. c3 Nf6 3. e5 Nd5 4. Nf3 d6 5. d4 Bg4 6. Bc4 e6 7. exd6 Bxd6 8. dxc5 Bxc5 9. Qa4+ Nd7 10. Bxd5 exd5 11. Qxg4 Qe7+ 12. Kf1 0-0-0 13. Na3 Rde8 14. Be3 Bxe3 15. Re1 h5 16. Qa4 Qc5 17. fxe3 Rxe3 18. Qd4 Rxe1+ 19. Nxe1 Qd6 20. Nf3 Nf6 21. Nb5 Qa6 22. Qc5+ Kd7 23. Qc7+ Ke8 24. c4 1-0

[Event "HUN-chT2 Maroczy 1314"]
[Site "Hungary"]
[Date "2013.10.20"]
[Round "3"]
[White "Stanciu, Alexandru Ovidiu"]
[Black "Glatt, Gabor"]
[Result "1-0"]
[WhiteElo "2355"]
[BlackElo "2308"]
[PlyCount "77"]
[EventDate "2013.09.08"]
[EventType "team-tourn"]
[EventRounds "11"]
[EventCountry "HUN"]
[SourceTitle "EXT 2016"]
[Source "ChessBase"]
[SourceDate "2015.10.08"]
[SourceVersion "1"]
[SourceVersionDate "2015.10.08"]
[SourceQuality "1"]
[WhiteTeam "Kisujszallas"]
[BlackTeam "Budapest MLTC II"]
[WhiteTeamCountry "HUN"]
[BlackTeamCountry "HUN"]

1. e4 e5 2. Nf3 d6 3. Bc4 Be7 4. 0-0 Nf6 5. Re1 0-0 6. d3 c6 7. Nbd2 b5 8. Bb3 Nbd7 9. c3 a5 10. a3 Qc7 11. Nf1 a4 12. Bc2 d5 13. exd5 cxd5 14. Bg5 Re8 15. Ne3 Bf8 16. Bh4 Qb7 17. d4 e4 18. Nd2 Ra6 19. f3 exf3 20. Qxf3 Ne4 21. Ndf1 Ndf6 22. h3 h6 23. Re2 Nh7 24. Nxd5 Nhg5 25. Bxg5 Nxg5 26. Nf6+ Rxf6 27. Qxb7 Rxe2 28. Qxc8 Rxc2 29. Ne3 Rxb2 30. Ng4 Re6 31. Ne5 Nh7 32. Rf1 Nf6 33. Rf2 Rb3 34. Kh2 Rxa3 35. Rxf6 Rxe5 36. Rd6 Re2 37. Rd8 Raa2 38. Rxf8+ Kh7 39. Qf5+ 1-0

[Event "HUN-chT2 Charousek 1213"]
[Site "Hungary"]
[Date "2013.03.24"]
[Round "9"]
[White "Glatt, Gabor"]
[Black "Dobos, Jozsef"]
[Result "1/2-1/2"]
[WhiteElo "2294"]
[BlackElo "2272"]
[PlyCount "25"]
[EventDate "2012.09.16"]
[EventType "team-tourn"]
[EventRounds "11"]
[EventCountry "HUN"]
[SourceTitle "EXT 2014"]
[Source "ChessBase"]
[SourceDate "2013.11.20"]
[SourceVersion "1"]
[SourceVersionDate "2013.11.20"]
[SourceQuality "1"]
[WhiteTeam "MLTC II"]
[BlackTeam "Csuti"]
[WhiteTeamCountry "HUN"]
[BlackTeamCountry "HUN"]

1. e4 g6 2. d4 Bg7 3. Nf3 c6 4. Nc3 d6 5. Be2 Nd7 6. a4 Qc7 7. 0-0 Ngf6 8. h3 0-0 9. Be3 e5 10. dxe5 Nxe5 11. Nd4 Re8 12. Qd2 Ned7 13. f3 1/2-1/2

[Event "HUN-chT2 Charousek 1213"]
[Site "Hungary"]
[Date "2013.03.03"]
[Round "8"]
[White "Glatt, Gabor"]
[Black "Horvath, Tamas3333"]
[Result "1/2-1/2"]
[WhiteElo "2294"]
[BlackElo "2182"]
[PlyCount "27"]
[EventDate "2012.09.16"]
[EventType "team-tourn"]
[EventRounds "11"]
[EventCountry "HUN"]
[SourceTitle "EXT 2014"]
[Source "ChessBase"]
[SourceDate "2013.11.20"]
[SourceVersion "1"]
[SourceVersionDate "2013.11.20"]
[SourceQuality "1"]
[WhiteTeam "MLTC II"]
[BlackTeam "Gyor"]
[WhiteTeamCountry "HUN"]
[BlackTeamCountry "HUN"]

1. e4 c5 2. Nf3 g6 3. c3 Bg7 4. d4 cxd4 5. cxd4 d5 6. exd5 Nf6 7. Bb5+ Nbd7 8. Nc3 0-0 9. Bg5 Nb6 10. 0-0 Nbxd5 11. Re1 Be6 12. Qd2 Nxc3 13. bxc3 Rc8 14. Bf1 1/2-1/2

[Event "HUN-chT2 Charousek 1213"]
[Site "Hungary"]
[Date "2013.01.27"]
[Round "6"]
[White "Glatt, Gabor"]
[Black "Buzeti, Jernej"]
[Result "1/2-1/2"]
[WhiteElo "2294"]
[BlackElo "2270"]
[PlyCount "36"]
[EventDate "2012.09.16"]
[EventType "team-tourn"]
[EventRounds "11"]
[EventCountry "HUN"]
[SourceTitle "EXT 2014"]
[Source "ChessBase"]
[SourceDate "2013.11.20"]
[SourceVersion "1"]
[SourceVersionDate "2013.11.20"]
[SourceQuality "1"]
[WhiteTeam "MLTC II"]
[BlackTeam "Alsoszolnok"]
[WhiteTeamCountry "HUN"]
[BlackTeamCountry "HUN"]

1. e4 c5 2. Nf3 d6 3. d4 cxd4 4. Nxd4 Nf6 5. f3 e5 6. Bb5+ Nbd7 7. Nf5 d5 8. exd5 a6 9. Bxd7+ Qxd7 10. Ne3 b5 11. a4 Bb7 12. axb5 axb5 13. Rxa8+ Bxa8 14. Qe2 Bb4+ 15. Bd2 Bxd2+ 16. Qxd2 0-0 17. Nc3 Rb8 18. 0-0 b4 1/2-1/2

[Event "HUN-chT2 Charousek 1213"]
[Site "Hungary"]
[Date "2012.11.18"]
[Round "4"]
[White "Macsik, Tamas"]
[Black "Glatt, Gabor"]
[Result "1/2-1/2"]
[WhiteElo "2264"]
[BlackElo "2294"]
[PlyCount "82"]
[EventDate "2012.09.16"]
[EventType "team-tourn"]
[EventRounds "11"]
[EventCountry "HUN"]
[SourceTitle "EXT 2014"]
[Source "ChessBase"]
[SourceDate "2013.11.20"]
[SourceVersion "1"]
[SourceVersionDate "2013.11.20"]
[SourceQuality "1"]
[WhiteTeam "Paks II"]
[BlackTeam "MLTC II"]
[WhiteTeamCountry "HUN"]
[BlackTeamCountry "HUN"]

1. d4 Nf6 2. Nf3 g6 3. c4 Bg7 4. Nc3 d5 5. e3 0-0 6. Bd2 c5 7. dxc5 Na6 8. cxd5 Nxc5 9. Bc4 a6 10. a4 Bf5 11. 0-0 Rc8 12. Nd4 Bd3 13. Bxd3 Nxd3 14. Qb3 Nc5 15. Qa2 Nce4 16. Nxe4 Nxe4 17. Bb4 a5 18. Ba3 Bxd4 19. exd4 Nf6 20. d6 exd6 21. Qb3 Qc7 22. Qf3 Kg7 23. Qf4 Rfd8 24. Rfc1 Nh5 25. Rxc7 Nxf4 26. Rxc8 Rxc8 27. Bxd6 Nd3 28. Ba3 Rd8 29. Rd1 Rxd4 30. b4 Rd5 31. bxa5 Kf6 32. Bb2+ Ke6 33. Bc3 Nc5 34. Re1+ Kd7 35. g3 Nxa4 36. Bb4 Nc5 37. Bxc5 Rxc5 38. Ra1 Rc6 39. Rb1 Kc7 40. Re1 Re6 41. Rc1+ Rc6 1/2-1/2

[Event "HUN-chT2 Charousek 1112"]
[Site "Hungary"]
[Date "2012.02.19"]
[Round "6"]
[White "Czegledi, Laszlo"]
[Black "Glatt, Gabor"]
[Result "1/2-1/2"]
[WhiteElo "2143"]
[BlackElo "2310"]
[PlyCount "23"]
[EventDate "2011.09.25"]
[EventType "team-tourn"]
[EventRounds "11"]
[EventCountry "HUN"]
[SourceTitle "EXT 2013"]
[Source "ChessBase"]
[SourceDate "2012.11.22"]
[SourceVersion "1"]
[SourceVersionDate "2012.11.22"]
[SourceQuality "1"]
[WhiteTeam "Veszprem"]
[BlackTeam "MLTC II"]
[WhiteTeamCountry "HUN"]
[BlackTeamCountry "HUN"]

1. e4 Nf6 2. e5 Nd5 3. d4 d6 4. Nf3 g6 5. c4 Nb6 6. exd6 cxd6 7. Be2 Bg7 8. 0-0 0-0 9. Nc3 Bg4 10. Be3 Nc6 11. b3 e6 12. Rc1 1/2-1/2

[Event "HUN-chT2 Charousek 1112"]
[Site "Hungary"]
[Date "2012.01.29"]
[Round "5"]
[White "Glatt, Gabor"]
[Black "Makk, Robert"]
[Result "0-1"]
[WhiteElo "2310"]
[BlackElo "2247"]
[PlyCount "66"]
[EventDate "2011.09.25"]
[EventType "team-tourn"]
[EventRounds "11"]
[EventCountry "HUN"]
[SourceTitle "EXT 2013"]
[Source "ChessBase"]
[SourceDate "2012.11.22"]
[SourceVersion "1"]
[SourceVersionDate "2012.11.22"]
[SourceQuality "1"]
[WhiteTeam "MLTC II"]
[BlackTeam "Haladas II"]
[WhiteTeamCountry "HUN"]
[BlackTeamCountry "HUN"]

1. e4 e5 2. Nf3 Nc6 3. Bb5 a6 4. Ba4 Nf6 5. d3 b5 6. Bb3 Bc5 7. 0-0 d6 8. c3 Bb6 9. h3 0-0 10. a4 Rb8 11. Na3 b4 12. Nc4 Ba7 13. a5 h6 14. Ba4 Ne7 15. Be3 Bxe3 16. fxe3 Be6 17. Nfd2 Ng6 18. Bc2 d5 19. exd5 Nxd5 20. Ne4 Qe7 21. Qe1 f5 22. Qg3 Kh7 23. Nf2 bxc3 24. Nxe5 Nxe5 25. Qxe5 cxb2 26. Rab1 Qd6 27. Qxd6 cxd6 28. Nd1 Rfc8 29. Rf2 Nb4 30. Ba4 Nxd3 31. Rc2 Ba2 32. Rbxb2 Nxb2 33. Rxb2 Rxb2 0-1